00521 2200193 4500001002100000005001500021007000300036008003900039035002000078082001200098084001800110100001600128245006600144260003700210300003400247700000800281700001600289856002200305INLIS00000000000580120200825013613ta200825 | | |  a0010-0820000048 a635.263 a635.263 BAS i1 aBASWARSIATI1 aInotek Bawang Merah Barbasis Good Agriculture Practices (GAP) aMalang :bBPTP Jawa Timur,c2009 a23p. :bilus ;c14 cm X 21 cm0 aAbu0 aEli Korlina aUK/UPT BPTP Jatim